000 00887nam a22002537a 4500
001 3359
005 20240304102046.0
020 _a9780590469883
040 _aDLC
_cDLC
_eamim
_beng
050 0 0 _aPE1449.A53
082 _a428.1
100 _aCatherine
245 0 0 _aAll about you /
_cby Catherine and Laurence Anbolt
250 _aFirst published in Great Britain in 1991
260 _aNew York :
_c1991
_bScholastic ,
300 _a30 unumbered pages :
_bcolor illustrations ;
_c26 cm .
505 _aG
520 _aWhen you wake up in the morning, how do you feel? Happy, tired, sad? Noisy, quiet, glad? This book invites very young children to think and talk about themselves and their world.
521 _a370
_bLexile
521 _aG
_bRaz-Plus
650 _afeelings
_vFiction
906 _a0
_bibc
_corignew
_du
_encip
_f19
_gy-movingim
942 _2ddc
_cBK
_n0
999 _c3359
_d3359